25 meistbesuchte Internetseiten (2024) - Statistiken

Allgemein
  • Dieses Quiz wurde 623 mal gespielt
  • Das Durchschnittsergebnis liegt bei 9 aus 25
Antwortstatistiken
Rang Antwort % Korrekt
1 {google}.com
96%
2 {youtube}.com
75%
4 {instagram}.com
74%
15 {pornhub}.com
70%
3 {facebook}.com
69%
13 {amazon}.com
65%
5 {twitter}.com
58%
7 {wikipedia}.org
57%
12 {tiktok}.com
49%
16 {yahoo}.co.jp
45%
8 {yahoo}.com
45%
24 {bing}.com
33%
22 {netflix}.com
30%
10 {whatsapp}.com
30%
14 {reddit}.com
19%
19 {xnxx}.com
14%
20 {linkedin}.com
8%
11 {xvideos}.com
8%
18 {live}.com
4%
21 {openai}.com
4%
9 {yandex}.ru
4%
6 {baidu}.com
3%
23 {office}.com
1%
17 {docomo}.ne.jp
0%
25 {dzen}.ru
0%
Keine übereinstimmenden Quizze gefunden
Verteilung der Resultate
Anzahl Personen mit jedem Resultat
Perzentil nach korrekt beantworteten Fragen
Ihre Resultats-Entwicklung
Sie haben dieses Quiz noch nicht gespielt